| 000 | 01556nam2a22002891 4500 | ||
|---|---|---|---|
| 001 | v19\rc\1340198 | ||
| 005 | 20250618072431.0 | ||
| 035 | _a(NLR Aleph) 004488797 | ||
| 090 |
_a4639975 _c4639975 |
||
| 100 | _a20060512d1911 |||y0rusy50 ca | ||
| 101 | 0 | _arus | |
| 102 | _aRU | ||
| 105 | _ay z ||||| | ||
| 200 | 1 |
_aПо народному образованию _h1) _iО летних образовательных курсах в 1911 году для народных учителей Саратовской губернии _h2) _iО двухлетних женских педагогических курсах Губернского земства в г. Саратове |
|
| 210 |
_d1911 _aБ. м. |
||
| 215 | _a[4], 76 с. | ||
| 461 | 0 |
_1001v19\rc\1339921 _12001#$aДоклады Саратовской губернской земской управы Губернскому земскому собранию...$v45-му очередному _94638710 _aСаратовская губернская земская управа _cСаратов _d1868-1917 _tДоклады Саратовской губернской земской управы Губернскому земскому собранию... _v45-му очередному |
|
| 801 | 0 |
_aRU _bNLR _gpsbo |
|
| 801 | 0 |
_aRU _bRuMoRGB _2psbo |
|
| 801 | 1 |
_aRU _bProSoft-M _2rusmarc |
|
| 852 |
_aNLR _bЗем _j36/Д1 |
||
| 899 |
_aRuMoRGB (1868-1917*) _jF 154/1 |
||
| 899 | _aБАН (1889-1916*) | ||
| 899 | _aГПИБ (1874-1916*) | ||
| 899 | _aНБ МГУ (1874-19--?) | ||
| 942 | _cBOOK | ||
| 980 | _aNB | ||